000
00319 a2200169 4500
001
175154
020
_a
040
_c
Magnum
100
_a
Loumaye, Jacqueline
240
1
0
_a
Van Gogh
_l
por
245
1
0
_a
Van Gogh
300
_a
62
362
0
_a
1990
440
1
_a
Salamandra
697
_a
PINTORES
942
_c
BK
999
_c
175154
_d
175154